ՀՀ Գիտությունների ազգային ակադեմիայի հիմնարար գիտական գրադարան  =   Fundamental Scientific Library of NAS RA

Универсальная десятичная классификация : (Record no. 358273)

MARC details
000 -LEADER
fixed length control field 01171nam a2200193 a 4500
001 - CONTROL NUMBER
control field 001112852
003 - CONTROL NUMBER IDENTIFIER
control field AM-YeHGA
005 - DATE AND TIME OF LATEST TRANSACTION
control field 20250617151811.0
008 - FIXED-LENGTH DATA ELEMENTS--GENERAL INFORMATION
fixed length control field 151112s1970 ru 000 0 rus d
040 ## - CATALOGING SOURCE
Original cataloging agency AM-YeHGA
041 0# - LANGUAGE CODE
Language code of text/sound track or separate title rus
090 ## - LOCALLY ASSIGNED LC-TYPE CALL NUMBER (OCLC); LOCAL CALL NUMBER (RLIN)
-- 360096
245 00 - TITLE STATEMENT
Title Универсальная десятичная классификация :
Remainder of title Промышленность строительных материалов и смежные отрасли науки и техники /
Statement of responsibility, etc. Всесоюз. науч.-исслед. ин-т науч.-техн. информации и экономики пром-сти строит. материалов; Отв. ред. В.С. Быкова.
260 ## - PUBLICATION, DISTRIBUTION, ETC.
Place of publication, distribution, etc. Москва :
Name of publisher, distributor, etc. Б. и.,
Date of publication, distribution, etc. 1970.
300 ## - PHYSICAL DESCRIPTION
Extent 168 с.
653 0# - INDEX TERM--UNCONTROLLED
Uncontrolled term Универсальная десятичная классификация - Таблицы
700 1# - ADDED ENTRY--PERSONAL NAME
Personal name Быкова, В.С.
Relator term ред.
Relationship edt
710 2# - ADDED ENTRY--CORPORATE NAME
Corporate name or jurisdiction name as entry element Всесоюзный научно-исследовательский институт научно-технической информации и экономики промышленности строительных материалов
Holdings
Withdrawn status Lost status Damaged status Not for loan Collection Home library Current library Date acquired Total checkouts Full call number Barcode Date last seen Price effective from Koha item type Public note
        General Fundamental Scientific Library Fundamental Scientific Library 11/01/2017   PIII/30217 FL0364393 11/01/2017 11/01/2017 Գրքեր / Books 30 Days Loan


ՀՀ ԳԱԱ հիմնարար գիտական գրադարան
ՀՀ,Երևան 0019
Մարշալ Բաղրամյան 24/6
հեռախոս:(374-10) 52-47-50
Հետադարձ կապ

All site content, except where otherwise noted, is licensed under a
Creative Commons License